00758nam a2200217 a 450000100060000000300090000600800410001502000150005604000280007108200100009910000270010924500180013626000350015430000120018959001100020165000290031165000440034094200120038499900170039695201270041320289CO-ViMGA141112s2004 ck r 000 u spa d a8426119980 aCO-ViMGAbspacCO-ViMGA04aOXEco1 aOxenbury, Helen92931010aCon el medico aBarcelona : bJuventud, c1983 a20p il. aForma de adquisición : Premio Min Cultura - - Precio : 12.740 - - Fecha de adquisición : Febrero 200514aCUENTOS INFANTILES9274314aLECTURA - ENSEÑANZA PREESCOLAR929311 2ddccBK c29304d29304 00102ddc40708INFaMESJUANIbMESJUANIcSInfd2024-01-22l0oA OXE1pSJU00258r2024-01-22 14:53:10tEj.1w2024-01-22yBK